000 00649nam a22001937a 4500
005 20251108175052.0
008 250721s2012 xx 000 0 ara d
082 1 4 _a302.2/أصب
100 1 _aأبو أصبع، صالح خليل
245 1 0 _aالدعاية و الرأي العام : مفاهيم و تطبيقات /
264 1 _aعمان :
_bعمادة البحث العلمي و الدراسات العليا،
_c2012.
300 _a399 ص.
650 1 7 _aالدعاية
650 1 7 _aالإتصال الجماهيري
650 1 7 _aالرأي العام
650 1 7 _aالإعلام العام
942 _2ddc
_cBK
999 _c125390
_d125390